| Tag |
First Indicator |
Second Indicator |
Subfields |
| LEADER |
00000cam a2200000M 4500 |
| 001 |
in00002392239 |
| 005 |
20151109062508.0 |
| 008 |
000928s1944 dcu 000 0 eng d |
| 029 |
0 |
|
|a NLGGC
|b 203109945
|
| 035 |
|
|
|a (OCoLC)ocm67455843
|
| 035 |
|
|
|a (OCoLC)67455843
|
| 040 |
|
|
|a NLGGC
|c NLGGC
|d TXA
|d UtOrBLW
|
| 049 |
|
|
|a TXAM
|
| 090 |
|
|
|a UC72
|b .U55 1944
|
| 110 |
1 |
|
|a United States.
|b War Department.
|
| 245 |
1 |
0 |
|a Finance service in mobile field units :
|b TM 14-506.
|
| 264 |
|
1 |
|a Washington :
|b [publisher not identified],
|c 1944.
|
| 300 |
|
|
|a 42 pages :
|b illustrations ;
|c 26 cm.
|
| 336 |
|
|
|a text
|b txt
|2 rdacontent
|
| 337 |
|
|
|a unmediated
|b n
|2 rdamedia
|
| 338 |
|
|
|a volume
|b nc
|2 rdacarrier
|
| 490 |
1 |
|
|a War Department technical manual ;
|v TM 14-506
|
| 500 |
|
|
|a "1 December 1943"--Cover.
|
| 500 |
|
|
|a "This manual supercedes TM 14-215, 1 June 1943."
|
| 610 |
|
0 |
|a United States.
|b Army
|x Pay, allowances, etc.
|
| 830 |
|
0 |
|a War Department technical manual ;
|v TM 14-506.
|
| 948 |
|
|
|a cataloged
|b h
|c 2008/6/4
|d c
|e jgreene
|f 11:03:53 am
|
| 994 |
|
|
|a C0
|b TXA
|
| 999 |
|
|
|a MARS
|
| 999 |
f |
f |
|s ea4bdcba-e944-3ad3-9516-77222aff21a7
|i 645c23a4-1b5c-3c59-9551-0a24364f1bbd
|t 0
|
| 952 |
f |
f |
|p noncirc
|a Texas A&M University
|b College Station
|c Cushing Memorial Library & Archives
|d Cushing: Ragan Military (Does not check out)
|t 0
|e UC72 .U55 1944
|h Library of Congress classification
|i unmediated -- volume
|
| 998 |
f |
f |
|a UC72 .U55 1944
|t 0
|l Cushing: Ragan Military (Does not check out)
|